000 00700nam a2200181Ia 4500
008 151018s9999 xx 000 0 und d
082 _bRBASDV38161
_a891.463
100 _aजयंत गाडगीळ
245 _aसमुद्राच्या पोटातील दुनिया
250 _b1
260 _bजयदीप प्रकाशन पुणे
_c2004
300 _a24
600 _aजयंत गाडगीळ
630 _aसमुद्राच्या पोटातील दुनिया
700 _aजयंत गाडगीळ
730 _aसमुद्राच्या पोटातील दुनिया
942 _cBOOK
999 _c1037570
_d1037567